000 00713pam a2200241 a 4500
001 3452327
005 20180115053523.0
008 920626s1992 nyua b 001 0 eng c
010 _a 92049646
020 _a0306443309 :
_c$27.50
040 _aDNLM/DLC
_cDLC
_dDLC
041 _aeng
060 _aWM 460.5.U6 J83r
080 _a150 JOS
082 0 0 _a150 JOS
_220
100 1 _a48
101 _aPSI
245 1 4 _aThe right brain and the unconscious :
_cR. Joseph.
504 _aIncludes bibliographical references (p. 379-405) and index.
906 _a7
_bcbc
_corignew
_d1
_eocip
_f19
_gy-gencatlg
942 _2ddc
_cBK
999 _c40256
_d40256